[Event "Britsh Columbia-ch U20"]
[Site "Vancouver"]
[Date "2012.12.02"]
[Round "4.7"]
[White "Toi, Andrew"]
[Black "Pulfer, Luke"]
[Result "1/2-1/2"]
[WhiteElo "1544"]
[BlackElo "1591"]
[PlyCount "124"]
[EventDate "2012.12.01"]
[EventType "swiss"]
[EventRounds "5"]
[EventCountry "CAN"]
[SourceTitle "EXT 2022"]
[Source "ChessBase"]
[SourceDate "2021.10.06"]
[SourceVersion "1"]
[SourceVersionDate "2021.10.06"]
[SourceQuality "1"]

1. e4 e5 2. Nf3 Nc6 3. Bc4 Nf6 4. d3 Be7 5. Nc3 d6 6. Ne2 Be6 7. Bb3 Bxb3 8. axb3 d5 9. exd5 Nxd5 10. 0-0 0-0 11. Re1 Bf6 12. Ng3 Qd7 13. Ne4 Be7 14. Nc3 Nxc3 15. bxc3 Bd6 16. c4 f6 17. c3 a5 18. d4 exd4 19. cxd4 Bb4 20. Re3 Rfe8 21. d5 Bc5 22. Rxe8+ Rxe8 23. Ba3 Bxa3 24. Rxa3 b6 25. Ra2 Ne5 26. Nxe5 Rxe5 27. Re2 Qd6 28. Qe1 Kf7 29. g3 Rxe2 30. Qxe2 Qe7 31. Kf1 Qe5 32. f4 Qd6 33. Qh5+ Kg8 34. Qe8+ Qf8 35. Qe6+ Qf7 36. Qc8+ Qf8 37. Qxc7 Qc5 38. Qxc5 bxc5 39. Ke2 Kf7 40. Kd2 Ke7 41. Kc2 Kd6 42. Kb2 Kc7 43. Ka3 Kb6 44. Ka4 f5 45. d6 Kc6 46. Kxa5 Kxd6 47. b4 cxb4 48. Kxb4 Kc6 49. c5 h6 50. Kc4 g5 51. fxg5 hxg5 52. Kd4 f4 53. gxf4 gxf4 54. Ke4 Kxc5 55. Kxf4 Kd6 56. Kg5 Ke7 57. Kg6 Kf8 58. h4 Kg8 59. h5 Kh8 60. h6 Kg8 61. Kf6 Kh7 62. Kg5 Kh8 1/2-1/2